| 000 | 00633nam a2200205Ii 4500 | ||
|---|---|---|---|
| 003 | JO-AjNU | ||
| 008 | 230606s9999||||xx |||||||||||||| ||und|| | ||
| 020 | _a81-203-3122-2 | ||
| 040 |
_aJO-AjNU _beng _erda _cJO-AjNU |
||
| 041 | _aeng | ||
| 050 | 1 | 4 | _aHF5686.I56.M63 2007 |
| 100 | 3 |
_aMohapatra,A.K. Das, _eauthor _9341 |
|
| 245 | 0 | 0 | _aInternational Accounting |
| 264 | 3 | 1 | _aNew Delhi: Prentice hall,2007 |
| 300 |
_a325p _bIncludes glossary and indexes(p315-325) |
||
| 336 |
_atext _btxt _2rdacontent |
||
| 337 |
_aunmediated _bn _2rdamedia |
||
| 338 |
_avolume _bnc _2rdacarrier |
||
| 650 | 4 |
_aInternational business enterprises _9342 |
|
| 999 |
_aE179 _c179 _d179 |
||